[Event "WchT 4th"]
[Site "Luzern"]
[Date "1997.10.25"]
[Round "1.1"]
[White "Yermolinsky, Alex"]
[Black "Ivanchuk, Vassily"]
[Result "1/2-1/2"]
[WhiteElo "2650"]
[BlackElo "2725"]
[Annotator "Finkel,A"]
[PlyCount "83"]
[EventDate "1997.10.25"]
[EventType "team-tourn"]
[EventRounds "9"]
[EventCountry "SUI"]
[SourceTitle "CBM 062"]
[Source "ChessBase"]
[SourceDate "1998.01.31"]
[SourceVersion "1"]
[SourceVersionDate "1998.01.31"]
[SourceQuality "1"]
[WhiteTeam "US of America"]
[BlackTeam "Ukraine"]
[WhiteTeamCountry "USA"]
[BlackTeamCountry "UKR"]

1. e4 e6 2. d4 d5 3. Nc3 Nf6 4. Bg5 dxe4 5. Nxe4 Nbd7 6. Nf3 h6 7. Nxf6+ Nxf6
8. Be3 (8. Bh4 $5) 8... Bd6 (8... Nd5 $6 9. Bd3 $5 (9. Qd2 Bd6 (9... Nxe3 10.
fxe3 c5 11. Bd3 Be7 12. O-O O-O 13. c3 b6 14. Rad1 Bb7 15. Qc2 cxd4 16. exd4
$11 {Horn,P-Plesec,D/Geneve op 1994 (42)}) 10. O-O-O Bd7 11. Ne5 $5 Bxe5 12.
dxe5 Qe7 13. Be2 Bc6 14. f4 O-O-O $13 {Polgar,J-Speelman,J/Hastings 1993 (21)})
9... Nxe3 10. fxe3 Bd6 11. O-O O-O 12. c3 Qe7 13. Bc4 $14) (8... Be7 9. Qd2 (9.
Qd3 $5 a6 10. Ne5 b6 11. g4 $6 Bb7 12. Rg1 Nd5 13. Bg2 Nb4 $1 14. Qd2 Bxg2 15.
Rxg2 Qd5 $15 {Grabics Monika-Vuksanovic,S/It (w), Belgrade (Yugoslavia) 1995/
1-0 (60)}) 9... a6 10. Bd3 b6 11. Ne5 $1 Bb7 12. O-O-O Nd5 13. Be4 Qc8 14. Qe2
Nxe3 15. Qxe3 Bxe4 16. Qxe4 O-O 17. g4 $40 {Grabics Monika-Maric Mirjana/It (w)
, Belgrade (Yugoslavia) 1995/1-0 (83)}) 9. Qd2 (9. Bd3 Nd5 10. Qe2 Nxe3 11.
Qxe3 Bd7 12. Be4 O-O (12... c5 $6 13. O-O-O $6 (13. dxc5 $5 Qa5+ 14. c3 Bxc5
15. b4 $1 Bxe3 16. bxa5 Bf4 17. Bxb7 Rb8 18. a6 $14) 13... Qc7 14. Kb1 O-O-O
15. Qe2 Kb8 $11 {Krakops Maris-Kaminski Marcin/Ch World (cadets) (under 1995 
(42)}) 13. O-O (13. O-O-O $5 $14) 13... Qe7 14. Rfd1 Rfd8 15. Ne5 Rab8 16. g3
Be8 17. Nc4 {Hernandes-Hergott,Linares,1994,1/2-1/2}) (9. Qd3 b6 (9... O-O 10.
Ne5 $5 Bxe5 (10... b6 11. f4) 11. dxe5 Qxd3 12. Bxd3 Nd5 13. Bd2 $14) 10. Ne5
Bb7 (10... Bxe5 11. dxe5 (11. Qb5+ Qd7 12. Qxe5 Bb7 {/\ 0-0-0~~}) 11... Qxd3
12. Bxd3 Nd5 13. Bd2 Bb7 14. O-O-O) 11. Qb5+ Nd7 12. O-O-O a6 13. Qb3 (13. Qe2
$1 O-O 14. f4 {/\ Rg1, g4|^}) 13... b5 14. c4 (14. f4 Bd5 15. Qd3 O-O) 14...
O-O 15. f4 $13 {Polgar,J-Bareev,E,1992,1-0}) 9... Bd7 (9... O-O 10. O-O-O b6
$13) 10. Bd3 Qe7 11. O-O-O Ng4 $5 {Black has successfully solved opening
problems and this move is showing his agressive intentions.} 12. Rhe1 Bc6 $1 {
After immediate} (12... Nxe3 13. fxe3 O-O-O 14. e4 c6 15. e5 Bc7 16. Qe3 {
white keeps slightly better chances.}) 13. Qe2 Nxe3 14. Qxe3 O-O-O 15. Be4 Qf6
$1 {Important intermediate move preventing the penitration of white knight to
e5:} (15... Bxe4 16. Qxe4 Qf6 17. Ne5 $1 Bxe5 18. Qxe5 Qxf2 19. Rf1 {[%cal
Gf1f7,Gf7c7,Gf7g7]} Qxg2 20. Rxf7 Qg5+ $8 21. Qxg5 hxg5 22. Rxg7 Rxh2 $11) 16.
g3 Bxe4 17. Qxe4 Rd7 $15 {Black has siezed the initiative,but his advantage is
symbolical.} 18. Rd3 Rhd8 19. a3 c6 20. Kb1 Bc7 21. Red1 h5 ({Deserved
attention} 21... Rd5 $5 {[%csl Rf2][%cal Gd5f5,Gh6h5,Gg7g4] with initiative on
the kingside.}) 22. R1d2 Qf5 $5 23. Qe3 (23. Qxf5 $5 exf5 24. Re2 $1 f4 25. c3
fxg3 26. fxg3 $132) 23... Ba5 24. Rd1 Bc7 25. h4 a6 {There is no clear way to
make progress so black has to wait.} 26. Ng5 Bb6 27. f4 c5 {An attempt to
break through,leading however to almost forced draw.} 28. dxc5 Bxc5 29. Rxd7
Rxd7 30. Qe1 Rxd1+ 31. Qxd1 f6 (31... g6 32. Qf3 f6 33. Ne4 Be7 34. Qd3 $11)
32. Nf3 Qe4 33. Ne1 Bf2 $1 34. Nd3 Bxg3 35. Qg1 $1 $132 {The "poente" of
white's defense.} Bxf4 (35... Bxh4 36. Qxg7 {[%csl Rh4]} (36. Qc5+ $2 Kd7 37.
Qxh5 Qh1+ 38. Ka2 Qd5+ $17) 36... Qh1+ 37. Ka2 Qd5+ 38. b3 $132 Kb8 39. Qg8+
Ka7 $2 40. Qg1+ b6 41. Qh2 $1 $18) 36. Qxg7 Qh1+ 37. Ka2 Qd5+ 38. b3 Qf5 39.
Qf8+ Kc7 40. Qe7+ Kc8 41. Qe8+ Kc7 42. Qe7+ 1/2-1/2

[Event "WchT 4th"]
[Site "Luzern"]
[Date "1997.10.31"]
[Round "7.2"]
[White "Adams, Michael"]
[Black "Nogueiras Santiago, Jesus"]
[Result "1/2-1/2"]
[WhiteElo "2680"]
[BlackElo "2535"]
[Annotator "Finkel,A"]
[PlyCount "113"]
[EventDate "1997.10.25"]
[EventType "team-tourn"]
[EventRounds "9"]
[EventCountry "SUI"]
[SourceTitle "CBM 062"]
[Source "ChessBase"]
[SourceDate "1998.01.31"]
[SourceVersion "1"]
[SourceVersionDate "1998.01.31"]
[SourceQuality "1"]
[WhiteTeam "England"]
[BlackTeam "Cuba"]
[WhiteTeamCountry "ENG"]
[BlackTeamCountry "CUB"]

1. e4 e6 2. d4 d5 3. Nd2 dxe4 4. Nxe4 Nd7 5. Nf3 Ngf6 6. Nxf6+ Nxf6 7. c3 h6 (
7... c5 8. Be3 (8. Bb5+ Bd7 9. Bxd7+ Qxd7 10. Be3 cxd4 11. Bxd4 Be7 12. O-O O-O
13. Qe2 Qc7 14. Rad1 Rfd8 $11 {Dvoirys,S-Zakharevich,I/1/2 final Russia Cup,
Perm RUS 1997 (21)}) 8... Qc7 (8... cxd4 9. Bxd4 Be7 10. Ne5 O-O 11. Bd3 Qc7
12. O-O Rd8 13. Qf3) 9. Bb5+ (9. Ne5 Bd6 $6 (9... a6 10. Qa4+ Nd7 (10... Bd7
11. Nxd7 Nxd7 12. O-O-O O-O-O 13. Be2) 11. O-O-O Bd6 (11... Rb8 12. dxc5) (
11... cxd4 12. Bxd4 Bd6 13. Nxd7 Bxd7 14. Qc4) 12. Nc4 Bf4 13. g3 Bxe3+ 14.
Nxe3 O-O (14... cxd4) 15. d5 b5 (15... Nb6 16. d6 Nxa4 17. dxc7 b5) 16. d6 $14
{Dvoirys,S-Zakharevich,I/RUS-Cup9 1997 (42)}) 10. Bb5+ Ke7 11. Nc4 Bd7 (11...
Bf4 $5) 12. Bxd7 Nxd7 13. Nxd6 Qxd6 14. dxc5 Qxd1+ 15. Rxd1 Rhc8 16. Ke2 $14 {
Zakharov,A-Dokuchaev,A/Russian Cup 9th Leg, Novgorod RUS 1997 (37)}) 9... Bd7
10. Bxd7+ Nxd7 11. O-O (11. d5 $6 e5 12. a4 Bd6 13. Qc2 O-O 14. O-O Rae8 15.
Ng5 Nf6 16. Rae1 h6 $15 {Dvoirys,S-Lobron,E/Open, Leeuwarden NED 1997 (31)})
11... Bd6 12. dxc5 Bxc5 13. Bxc5 Nxc5 14. Qe2 $11) (7... Be7 8. Bd3 O-O 9. Ng5
(9. Bg5) (9. O-O b6 10. Qc2 Bb7 11. Bf4 c5 12. dxc5 bxc5 {1/2-1/2 Georgiev,
K-Ulibin,M/8th Open, Ano Liosia GRE 1997}) 9... Qd5 10. Qf3 Qxf3 11. Nxf3 b6
12. Bg5 Bb7 13. Ne5 {1/2-1/2 Belakovskaia,A-Levitina,I/ch-USA (women)
Parsippany 1996}) 8. Bd3 Bd6 9. Qe2 b6 $6 {More acurate was} (9... O-O 10. O-O
(10. Ne5 c5 $1 11. Be3 Qc7 12. Nc4 Be7 {[%cal Gc5c4,Gb7b5]} 13. dxc5 Bxc5 14.
Bxc5 Qxc5 15. O-O b6 $11) 10... b6 11. Ne5 Bb7 12. Bf4 c5 13. dxc5 Bxc5 14.
Rad1 Qe7 15. Bb5 {[%cal Ge5d7,Ge5c6]} Nd5 16. Bg3 a6 17. Bd3 $14 {[%csl Ra6]
with complicated position.}) 10. Ne5 Bb7 $5 (10... O-O 11. Qf3 Rb8 12. Nc6 Bb7
13. Nxd8 Bxf3 14. Nxf7 Bxg2 15. Rg1 (15. Nxh6+ $2 Kh8 16. Rg1 Bf3 $1 $19 {
[%csl Rh6]}) 15... Rxf7 16. Rxg2 $14) 11. Bb5+ $14 Kf8 12. O-O g6 13. Re1 Kg7
14. Bf4 Nh5 15. Bd2 Nf6 16. Rad1 a6 17. Bd3 Qe7 18. c4 Rad8 19. Bc3 {Both
sides has maximaly improved the position of the pieces and we can make some
conclusions:white has certain advantage in space and his pieces "look" at
black king so black's difensive task is not so simple.} Bb4 $5 (19... Rhe8 $6
20. d5 (20. Ng4 $5 Nxg4 21. Qxg4 Kh7 (21... Bb4 22. Rxe6 $1 fxe6 (22... Bc8 23.
Rxg6+ fxg6 24. Qxg6+ Kf8 25. Qxh6+ Kg8 26. Bxb4 Qxb4 27. Bh7+ Kf7 28. Bg6+ Ke7
29. Qg7+ Kd6 30. Qf6+ Be6 31. d5 $18) 23. Qxg6+ Kf8 24. Qxh6+ Kg8 25. Bxb4 Qxb4
26. Qh7+ Kf8 27. Bg6 $18) 22. d5 (22. h4 f5 23. Qh3 h5 24. Bd2 Qg7 $13 {
[%csl Rd4][%cal Gd6e7,Ge7f6]}) 22... f5 23. Qh3 e5 $13) 20... Bb4 21. Bxb4 (21.
Nxf7 Qxf7 (21... Kxf7 22. Qc2 $1 Bxc3 (22... e5 23. Bxg6+ Kf8 24. Bxb4 Qxb4 25.
Bxe8 Rxe8 26. Qg6 $18) 23. Rxe6 Qc5 24. Bxg6+ Kg7 25. Bxe8 Rxe8 26. Rxe8 Nxe8
27. Qxc3+ $18) 22. Bxb4 exd5 23. Be7 $3 Rc8 (23... dxc4 $2 24. Bxc4 Rxd1 25.
Qxd1 Nd5 26. Bf6+ $1 $16 Kxf6 27. Qd4+ Kg5 28. Re5+ Rxe5 29. Qxe5+ Qf5 30. h4+
$18)) 21... Qxb4 22. Bxg6 exd5 (22... fxg6 $5 23. Qc2 Qe7 24. Qxg6+ Kf8 25.
Qxh6+ Qg7 26. Ng6+ Kg8 27. Qxg7+ Kxg7 28. Nf4 Bc8 $132) 23. Bxf7 Rxe5 24. Qxe5
Kxf7 25. c5 $3 Qxc5 26. Rc1 Qxf2+ 27. Kxf2 Ng4+ 28. Kg1 Nxe5 29. Rxe5 $16) 20.
Bxb4 Qxb4 21. Bxg6 $1 (21. Nxf7 Kxf7 22. Qxe6+ Kg7 23. Qe7+ Qxe7 24. Rxe7+ Kf8
25. Rxc7 Rd7 26. Rxd7 Nxd7 $13) 21... fxg6 22. Qc2 Qe7 23. Nxg6 $6 ({Deserved
attention} 23. Qxg6+ $5 Kf8 24. Qg3 Ke8 25. Ng6 Rg8 26. Nxe7 Rxg3 27. hxg3 Kxe7
28. d5 Rd6 29. f3 Kf7 30. dxe6+ Rxe6 31. Rxe6 Kxe6 32. Kf2 $16 {with
significient advantage in the ending.}) 23... Qf7 24. Nxh8 Kxh8 25. Re3 Rg8 26.
Rg3 Rxg3 27. fxg3 $14 (27. hxg3 $6 Ng4 $132 {[%cal Gf7h5]}) 27... Ne4 $1 28.
Qe2 Qf6 29. Qe3 Qg5 30. Qf3 Qf6 31. d5 $6 {Losing the advantage;the pawn on d5
becomes a target for the black pieces.} (31. Qxf6+ Nxf6 32. h3 Ne4 33. g4 Kg7
34. Kf1 Kf6 35. Ke2 $14) 31... exd5 32. cxd5 Qe5 (32... Qe7 $1 33. Qe3 Qc5 34.
Qxc5 bxc5 $1 35. Kf1 Kg7 36. Ke2 Kf6 $13) 33. Qf8+ Kh7 34. Qf7+ Kh8 35. Qe6
Qxe6 36. dxe6 Nd6 37. e7 Ne8 38. Rf1 Kg7 39. Rf8 Bc6 40. g4 Nd6 $11 {[%csl Re7]
[%cal Gc6e8,Ge8f7,Gg7f6]} 41. b4 Be8 42. Kf2 b5 43. Ke3 Bf7 44. Ra8 Kf6 {
Now the position is completly equal and the draw is not far away.} 45. Rxa6
Kxe7 46. Kf4 Bd5 47. g3 Kf6 48. h4 c6 49. Ra7 Nf7 $1 50. a3 Ne5 51. g5+ hxg5+
52. hxg5+ Ke6 53. Ra8 Ng6+ 54. Kg4 Ne5+ 55. Kf4 (55. Kh5 Bf3+ 56. Kh6 Nf7+ 57.
Kg7 Nxg5 $15) 55... Ng6+ 56. Kg4 Ne5+ 57. Kf4 1/2-1/2

[Event "FRA-ch"]
[Site "Val d'Isere"]
[Date "2004.08.20"]
[Round "5"]
[White "Sokolov, Andrei"]
[Black "Vaisser, Anatoli"]
[Result "1/2-1/2"]
[WhiteElo "2583"]
[BlackElo "2580"]
[Annotator "Finkel,A"]
[PlyCount "93"]
[EventDate "2004.08.16"]
[EventType "tourn"]
[EventRounds "11"]
[EventCountry "FRA"]
[EventCategory "13"]
[SourceTitle "CBM 103"]
[Source "ChessBase"]
[SourceDate "2004.11.11"]
[SourceVersion "1"]
[SourceVersionDate "2004.11.11"]
[SourceQuality "1"]

1. e4 e6 2. d4 d5 3. Nd2 dxe4 4. Nxe4 Nd7 5. Nf3 Ngf6 6. Bg5 h6 7. Nxf6+ Nxf6
8. Be3 {For some reason this move isn't very popular, even though it'd one of
the most dangeous weapons that white has against Rubinshtein!} Bd6 9. Bd3 Nd5
10. Qe2 (10. O-O b6 (10... O-O 11. Qd2 Bd7 12. Rad1 Nxe3 13. fxe3 c5 14. dxc5
Bxc5 15. b4 Bb6 16. c4 Ba4 17. Rc1 Bc6 18. c5 $13 {1/2-1/2 Baklan,V-Jeremic,V/
Korinthos 2004}) 11. c4 Nxe3 12. fxe3 c5 13. Be4 Rb8 14. Bc6+ Ke7 15. d5 $16 {
Hart,R-Krstev,A/New Zeeland 2000}) (10. Bd2 Nf4 (10... c5 11. dxc5 Bxc5 12. Qe2
a6 13. O-O-O Qc7 14. Kb1 Bd7 15. Ne5 Bc6 16. f4 $14 {Lutz,C-Gurevich,M/Belgium
2002}) 11. Bf1 Nd5 12. c4 Nf6 13. Bd3 c5 14. dxc5 Bxc5 15. Qe2 b6 16. Be4 Nxe4
17. Qxe4 Bd7 18. O-O-O $36 {Palac,M-Kovacevic,B/Zadar 2001}) 10... Bd7 (10...
Nxe3 11. Qxe3 Bd7 12. Be4 O-O (12... c5 13. O-O-O Qc7 14. Kb1 O-O-O 15. Qe2 Kb8
16. c3 a6 $13 {Krakops,M-Kaminski,M/Guarapuava 1995}) 13. O-O Qe7 14. Rfd1 Rfd8
15. Ne5 Rab8 16. g3 Be8 17. Nc4 {1/2-1/2 Hernandez,G-Hergott,D/Linares 1994})
11. Bd2 $5 Qf6 $6 {Very bad decision. After the move in the game black finds
himself in extremly passive position without a clue for the counterplay.} (
11... c5 12. dxc5 Bxc5 13. Ne5 Bc6 14. Nxc6 (14. O-O-O Qf6 $132) 14... bxc6 15.
O-O Qc7 16. Qf3 Bd6 17. g3 O-O 18. Rfe1 $14) 12. c4 Nf4 13. Bxf4 Qxf4 (13...
Bxf4 14. g3 Bd6 15. c5 Be7 16. Ne5) 14. c5 Be7 15. g3 Qf6 16. Ne5 Rd8 (16...
O-O-O 17. O-O-O Kb8 18. Qe3 Bc8 19. f4 g6 20. Be4 $14) 17. O-O-O g6 18. f4 $16
{[%csl Rd7,Re7] Black bishops obviously don't enjoy the life!} O-O 19. Be4 c6
20. h4 Be8 21. Kb1 Qg7 22. g4 (22. h5 g5 23. Rhf1 Bf6 (23... f6 $2 24. Ng6 Bxg6
25. Bxg6 $18 {[%csl Re6]}) (23... f5 24. Bc2 g4 25. Bb3 Rf6 26. Rfe1 Bf8 27.
Qh2 $16) 24. Qe3 b6 25. Qa3 $16) 22... f6 $6 23. Nf3 f5 24. gxf5 exf5 25. Bc2
Bf6 26. h5 (26. Ne5 $5) 26... Bxd4 27. hxg6 Bxg6 28. Bb3+ Kh8 29. Ng5 $6 ({
Missing the forced win after} 29. Rh3 $142 $1 Bxc5 (29... h5 30. Nxd4 Rxd4 31.
Qxh5+ Bxh5 32. Rxh5+ Qh7 33. Rxh7+ Kxh7 34. Rxd4 $18) 30. Rdh1 Qf6 31. Rxh6+
Kg7 32. Ne5 $18) 29... Rde8 30. Qh2 Bxc5 31. Rd7 (31. Ne6 Rxe6 32. Bxe6 Re8 33.
Rd7 Rxe6 34. Rxg7 Kxg7 35. Qxh6+ Kf7 36. Rd1 $18) 31... Re7 32. Rxe7 Bxe7 33.
Ne6 Qh7 34. Qxh6 $2 {Throwing away the advantage and the chances to win the
game.} (34. Qd2 $5 $40) (34. Nxf8 Bxf8 35. Qd2 Qe7 36. Rg1 Kh7 $16) 34... Rf7 {
[%csl Rh6]} 35. Ng5 (35. Nd8 Rg7 36. Nxb7 Be8 37. Qxh7+ Rxh7 38. Rg1 Rg7 $11)
35... Bxg5 36. fxg5 Rg7 37. Kc1 f4 38. Qh4 Qxh4 39. Rxh4+ Rh7 40. Rxf4 Kg7 41.
Rd4 Bf5 42. Rd8 Kg6 43. Rg8+ Rg7 44. Rxg7+ Kxg7 45. Kd2 Kg6 46. Bd1 Kxg5 47. b4
1/2-1/2

[Event "Nordic-ch VISA"]
[Site "Reykjavik"]
[Date "1997.10.21"]
[Round "12"]
[White "Stefansson, Hannes"]
[Black "Gausel, Einar"]
[Result "1-0"]
[WhiteElo "2545"]
[BlackElo "2540"]
[Annotator "Finkel,A"]
[PlyCount "91"]
[EventDate "1997.10.08"]
[EventType "tourn"]
[EventRounds "13"]
[EventCountry "ISL"]
[EventCategory "10"]
[SourceTitle "CBM 062"]
[Source "ChessBase"]
[SourceDate "1998.01.31"]
[SourceVersion "1"]
[SourceVersionDate "1998.01.31"]
[SourceQuality "1"]

1. e4 e6 2. d4 d5 3. Nd2 dxe4 4. Nxe4 Nd7 5. Nf3 Ngf6 6. Nxf6+ Nxf6 7. Bd3 c5
8. dxc5 Bxc5 9. Qe2 Bd7 (9... O-O 10. Bg5 Qa5+ (10... h6 11. Bh4 $5 (11. h4 $1
Qa5+ 12. Bd2 Bb4 13. O-O-O $1 (13. Bxb4 Qxb4+ 14. c3 Qa5 $5) 13... Bxd2+ 14.
Nxd2 e5 $1 (14... Qxa2 $6 15. g4 $16 {->}) 15. a3 (15. Kb1 $6 Be6 16. Nc4 Qa6
$1 $13) 15... Be6 16. Nc4 Bxc4 $8 17. Bxc4 Rac8 18. Bb3 $1 $36 {Hector,
J-Hansen,L/Kobenhavn (open) 1995 (40);}) 11... Qa5+ 12. c3 Nd5 13. Qe4 $2 f5 $1
14. Qc4 g5 15. Bxg5 hxg5 16. Nxg5 Be7 17. h4 Qc7 $17 {Pettinger,J-Myalikglijev,
V/WchJM U16 Bratislava 1993 (37)}) 11. c3 Be7 12. O-O-O Bd7 (12... Qxa2 $5 13.
Bb1 Qa5 14. Ne5 h6 15. Bh4 Rd8 16. f4 $44) 13. h4 Ba4 $1 14. Rd2 Rfd8 15. Kb1
Rd5 16. g4 Bc6 $132 {Fedorov,A-Kholmov,R/RUS-Cup5 1997 (30)}) (9... Qc7 10. Bg5
(10. Bd2 $5 Bd7 11. O-O Bd6 12. Rfe1 Bc6 13. Ne5 Bxe5 $6 14. Qxe5 Qxe5 15. Rxe5
O-O-O 16. Rae1 $14 {Kaminski Marcin-Luce Sebastien/Ch Paris (open), Paris 
(France) 1996 (36)}) 10... Bb4+ 11. Nd2 h6 12. Bh4 Qf4 13. Bg3 Qxd2+ 14. Qxd2
Bxd2+ 15. Kxd2 Bd7 16. Rad1 $14 {Nijboer,F-Cifuentes Parada,R/NLD-ch 1997/1-0 
(63)}) (9... Qb6 $5 10. O-O O-O 11. c3 h6 $5 12. Ne5 Qc7 13. Kh1 Bd6 14. Bf4 b6
15. Bg3 Bb7 $11 {Gullaksen,E-Karlsson,A/Hafnarfjordur open 1995/1-0 (50)}) 10.
Ne5 Bc6 11. O-O O-O 12. Nxc6 bxc6 13. Bg5 Be7 14. Rfd1 $14 {White has very
comfortable position:bishops pair and better pawn structure make his chances
preferable in forthcoming struggle.} (14. c4 $5 Qa5 15. Bd2 Bb4 16. Bf4 Rfd8
17. Rad1 Be7 18. a3 c5 19. Be5 $14 {Lemmers,O-Bohm,H/NLD-chT 1995 (50)}) 14...
Qb6 15. c4 (15. c3 Nd5 16. Qe4 g6 17. Bxe7 Nxe7 18. Rd2 Rfd8 19. Rad1 $14)
15... a5 $5 {Black carries out quiet interesting plan:pushes the a pawn till
a3 fixing white pawns on the queenside than changes all the major pieces over
the d-file.} 16. h3 a4 17. Bc2 a3 (17... Qxb2 $2 18. Bxh7+) 18. b3 Rfd8 19.
Rxd8+ Rxd8 20. Rd1 Rxd1+ 21. Qxd1 {The game entered the ending straight out of
opening.White still keeps some advantage,but his chances to win the game are
quiet problematic.} Qa5 $6 (21... Bc5 $5 22. Qd2 Bb4 (22... Bd4 $6 23. b4 $1 c5
24. b5 h6 25. Be3 $16) 23. Qd3 Bc5 24. Qf3 (24. Bxf6 Bxf2+ 25. Kf1 gxf6 26.
Qxh7+ Kf8 $11) 24... Bd4 25. Kf1 Qc5 26. Bc1 $14) 22. Bd2 Qe5 (22... Bb4 $2 23.
Bxb4 Qxb4 24. Qd8+ Qf8 25. Qc7 $1 $16) 23. b4 $5 $14 Qb2 ({More accurate was
immidiate} 23... Qd4 {with good counterchances.}) 24. Qb1 Qd4 25. Bd3 $1 g6 26.
Be1 e5 $2 (26... Nd7 $1 27. b5 $1 (27. Qb3 $6 Ne5 28. Be2 Qb2 29. Qe3 Nd7 (
29... Qxa2 $2 30. Qxe5 Qb1 31. Bf1 $1 Bf6 32. Qxf6 Qxe1 33. Qd8+ Kg7 34. Qa5
$18) 30. Qd2 Bxb4 $1 31. Qxb4 Qxe2 $17) 27... cxb5 (27... Ne5 28. Be2 Qb2 29.
Qe4 cxb5 30. cxb5 h5 31. Bf1 $14) 28. cxb5 Bc5 29. Qc2 h5 30. Bc3 $14) 27. Qb3
$16 {[%csl Ra3]} e4 28. Bc2 Qa1 29. Bb1 $1 Qd4 30. Kf1 $1 {Very important
intermediate move showing how bad is position of black!} Qe5 31. Qxa3 $18 Kg7
32. Qg3 Qe6 33. Qc3 Bd6 34. a4 {The rest is easy;black is defenseless against
the advance of white pawns on the queenside.} Be5 35. Qb3 Bd4 36. Bc2 Qe5 37.
b5 cxb5 38. cxb5 Nd5 39. Qc4 e3 40. Bb3 e2+ (40... exf2 41. Bxf2 Bxf2 42. Kxf2
Qf6+ 43. Kg1 Qa1+ 44. Qf1 Qd4+ 45. Qf2 Qa1+ 46. Kh2 Qe5+ 47. g3 $18) 41. Qxe2
Qh2 42. Qf3 Nf4 43. g4 f6 44. Bd2 g5 45. Bxf4 gxf4 46. Bc2 1-0

[Event "EU-ch 3rd"]
[Site "Batumi"]
[Date "2002.06.26"]
[Round "13"]
[White "Goloshchapov, Alexander"]
[Black "Dzhakaev, Dzhakay"]
[Result "1-0"]
[WhiteElo "2543"]
[BlackElo "2425"]
[Annotator "Finkel,A"]
[PlyCount "57"]
[EventDate "2002.06.12"]
[EventType "swiss"]
[EventRounds "13"]
[EventCountry "GEO"]
[SourceTitle "CBM 090"]
[Source "ChessBase"]
[SourceDate "2002.09.20"]
[SourceVersion "1"]
[SourceVersionDate "2002.09.20"]
[SourceQuality "1"]

1. e4 e6 2. d4 d5 3. Nc3 Nf6 4. Bg5 dxe4 5. Nxe4 Nbd7 6. Nf3 h6 7. Nxf6+ Nxf6
8. Be3 a6 (8... Nd5 9. Qd2 Bd6 10. O-O-O Bd7 11. Ne5 Bxe5 12. dxe5 Qe7 13. Be2
Bc6 14. f4 O-O-O $13 {Polgar,J-Speelman,J/Hastings 1992}) (8... Be7 9. Qd2 a6
10. Bd3 b6 11. Ne5 Bb7 12. O-O-O Nd5 13. Be4 Qc8 14. Qe2 Nxe3 15. Qxe3 Bxe4 16.
Qxe4 $14 {Grabics,M-Maric,M/Belgrade 1995}) (8... Bd6 9. Qd3 b6 10. Ne5 Bxe5
11. dxe5 Qxd3 12. Bxd3 Nd5 13. Bd2 Bb7 14. O-O-O {1/2-1/2 Zezulkin,J-Schmidt,W/
Lubniewice 1994/CBM 45 ext (14)}) 9. Bd3 (9. Ne5 b6 10. c3 Bb7 11. Qa4+ Nd7 12.
c4 Bd6 13. O-O-O Qe7 14. f4 Bxe5 15. dxe5 O-O-O $15 {Zhang Zhong-Gurevich,M/
Cap d'Agde 2000}) (9. Be2 Nd5 10. Bd2 c5 11. c4 Nf6 12. dxc5 Bxc5 13. O-O a5
14. Qc2 b6 15. Ne5 Bb7 16. Qa4+ Kf8 17. Rad1 Qe8 18. Qb3 $14 {Berthelot,
Y-Salaun,Y/Bretagne 1999}) 9... b6 10. Qe2 $1 Bb7 11. O-O-O Qc8 $6 {Queen's
place is definitly not on c8 in this kind of positions.} (11... Bd6 12. Ne5)
12. Ne5 Bd6 13. f4 $14 {[%cal Gh1f1,Gf4f5]} h5 (13... Nd5 14. Bd2 c5 15. dxc5
Qxc5 16. Rhe1 $36 {[%cal Ge5f7]}) 14. Rhf1 Be4 (14... Nd5) 15. Bxe4 Nxe4 16. g4
$1 {Starting an attack against black king which is left in the center.} hxg4 (
16... Nf6 17. g5 Nd5 18. g6 f6 19. Nf7 $16) 17. Qxg4 Rh7 18. f5 Nf6 19. Qg2 $1
{[%csl Ra8]} exf5 20. Rxf5 Rxh2 (20... Qxf5 $5 21. Qxa8+ Ke7 22. Bg1 $1 $40 {
[%csl Re7][%cal Gd1e1]}) 21. Qf3 $1 Rb8 22. Bg5 c5 23. Re1 $18 {[%csl Re8]
Reminding black that his king is in danger.} Bxe5 24. Rfxe5+ Kf8 25. Bxf6 gxf6
26. Qxf6 {[%csl Rh2]} Qd8 (26... Rb7 27. Qd6+ Kg8 28. Rg5+ Kh8 29. Qxh2+) 27.
Re8+ $1 Qxe8 28. Qd6+ Kg7 29. Rg1+ $1 1-0

[Event "EU-ch 3rd"]
[Site "Batumi"]
[Date "2002.06.14"]
[Round "3"]
[White "Galkin, Alexander"]
[Black "Gaprindashvili, Valerian"]
[Result "1-0"]
[WhiteElo "2569"]
[BlackElo "2476"]
[Annotator "Finkel,A"]
[PlyCount "77"]
[EventDate "2002.06.12"]
[EventType "swiss"]
[EventRounds "13"]
[EventCountry "GEO"]
[SourceTitle "CBM 090"]
[Source "ChessBase"]
[SourceDate "2002.09.20"]
[SourceVersion "1"]
[SourceVersionDate "2002.09.20"]
[SourceQuality "1"]

1. e4 e6 2. d4 d5 3. Nc3 dxe4 4. Nxe4 Nd7 5. Nf3 Ngf6 6. Nxf6+ Nxf6 7. c3 $5 {
In my opinion this modest move is one of the most dangerous continuations for
black in the line with 4...Nd7} Be7 8. Bd3 O-O 9. O-O b6 10. Qe2 (10. Qc2 Bb7
11. Ng5 h6 12. Nh7 Nxh7 13. Bxh7+ Kh8 14. Be4 Bxe4 15. Qxe4 $11 {1/2-1/2 Szabo,
V-Csarmasz,M/Ajka 1992/TD (15)}) 10... Bb7 11. Bf4 $5 (11. Re1 c5 12. dxc5 Bxc5
$11 {1/2-1/2 Levitina,I-Alekhina,N/Budapest 1984/EXT 98 (12)}) 11... Qc8 $6 {
Queen is quite awkwardly placed on c8.} (11... a6 12. Rad1 Ra7 13. c4 Re8 14.
Ne5 Qa8 15. Rfe1 Bb4 16. g4 $5 $36 {Emms,J-Arkell,K/Scarborough 1999}) (11...
Rc8 12. Ba6 Qd5 13. Rfe1 (13. Rfd1 Rfd8 14. Bxb7 Qxb7 15. Ne5 c5 16. dxc5 Bxc5
17. b4 Be7 18. Rxd8+ Rxd8 19. b5 $14 {McShane,L-Kokov,V/Verdun 1995}) 13... Bd6
14. Be5 Bxa6 15. Qxa6 Qc6 16. a4 Nd7 17. Bg3 Bxg3 18. hxg3 Rfd8 $11 {Kalivoda,
J-Pokorny,P/CZE-chT2 1995}) 12. Be5 $5 (12. Ne5) 12... c5 13. Rfe1 Nd7 14. Bg3
$14 a6 $6 15. Rad1 Qc6 $2 {Missing white's reply.} (15... b5 16. Bc2 Nf6 $14)
16. d5 $1 {[%csl Re7]} Qxd5 (16... exd5 17. Qxe7 $18) 17. Bxh7+ Kxh7 18. Rxd5
Bxd5 19. Rd1 Nf6 20. c4 {Rest is just a matter of technique.} Bc6 $6 (20... Bb7
21. Bd6 Bxd6 22. Rxd6 Bxf3 23. Qxf3 b5 24. Qa3 $18) 21. Ng5+ Kg6 22. Nxe6 $1 {
[%csl Rc6,Re7]} fxe6 23. Qxe6 Rad8 24. Rxd8 Rxd8 25. h3 Rd1+ 26. Kh2 Rd2 27.
Qxc6 Rxb2 28. Qe6 Bf8 29. f4 Rd2 (29... Rxa2 30. f5+ Kh7 31. Qf7 $18 {[%csl
Rf8]}) 30. f5+ Kh7 31. Qf7 Bd6 32. Bxd6 Rxd6 33. Qc7 Rd4 34. Qxb6 Rxc4 35. Qxa6
Rf4 36. a4 c4 37. Qc6 c3 38. a5 Rxf5 39. a6 1-0